000
00329nam a2200145Ia 4500
999
_c
10446
_d
10446
003
OSt
005
20220322133046.0
008
220318s9999 xx 000 0 und d
020
_a
9781859468906
082
_a
725.51
_b
SIN
100
_a
Singha, Sumita
245
0
_a
Future Healthcare Design
260
_b
CRC
_c
2020
942
_2
ddc